00574aas a2200169 4500001001000000003001000010005001700020008004100037022001400078040004100092041000800133245003800141300004500179520010500224650001300329773006200342768714001CO-MdFUSB20171025105527.0171025s2010 ck ||||| |||| 00| 0 spa d a2145-8197 aCO-MdFUSBbspacCO-MdFUSBdCO-MdFUSB aspa 0aBonanza de Marihuanac/ El Tiempo aNúmero 7 (2010), página 26c: 28 cm.1 aEl país se convierte en cultivador y exportador ilegal de cannabis. Entran millones de dólares. 14aHISTORIA0 tdk100049432gNúmero 7 (2010), página 26qPágina 26